000 01159aab a2200193 i 4500
001 768714001
003 CO-MdFUSB
005 20240422141745.0
008 221103s1997 ag ||||| |||| 00| 0 spa d
040 _bspa
_cCO-MdFUSB
_dCO-MdFUSB
041 _aspa
100 1 _aAbel, Marcelo
_eautor
245 1 3 _aEl Misionero :
_bsiervo y aprendiz
_c/ Marcelo Abel
300 _aVolumen 16, número 1 (enero - marzo, 1997), páginas: 24 - 26
_c; 27 cm
520 _aAlgunas verdades que hemos aprendido de compartir varios años con los indigenas del norte argentino: -No sabelotodo sino aprendiz: aprendimos de los nativos que el misionero debe ir al campo de labor como aprendiz de la cultura y del idioma. -No aislado sino en equipo: Aprendimos de los indígenas el valor de trabajar en equipo. EL individualismo hace mucho daño a los misioneros y a los pueblos que ellos sirven. -No materialista sino generoso: Aprendimos de los indígenas que el verdadero cristiano no es materialista.
650 7 _9931
_aMisioneros
773 0 _tIglesia y Misión
_049402
_959638
_gVolumen 16, número 1 (enero - marzo, 1997), páginas: 24 - 26
_qPáginas: 24
942 _cANA
999 _c52234
_d52234